Carregant...

NGO's and social welfare : new research approaches /

Dades bibliogràfiques
Altres autors: Lewis, David (Editor), Ravichandran, N. (Editor)
Format: Printed Book
Idioma:English
Publicat: New Delhi; Rawat, 2013.
Matèries:
LEADER 00696 a2200169 4500
008 150420b xxu||||| |||| 00| 0 eng d
020 |a 9788131602003 
082 |a 361.763 
245 |a NGO's and social welfare :  |b new research approaches /  |c edited by David Lewis and N Ravichandran. 
260 |c 2013.  |b Rawat,  |a New Delhi; 
300 |a viii, 310p. ;   |c 22 cm. 
650 |a Non-governmental organizations  |x Social service  |z South Asia 
700 |a Lewis, David.  |e Editor. 
700 |a Ravichandran, N.  |e Editor. 
942 |2 ddc  |c BK 
999 |c 104835  |d 104835 
952 |0 0  |1 0  |4 0  |6 361_763000000000000_NGO  |7 0  |9 106998  |a UL  |b UL  |c ST1  |d 2014-02-20  |e 2  |g 550.25  |l 1  |m 2  |o 361.763 NGO  |p 92125  |r 2018-05-18  |s 2017-11-18  |v 775.00  |y BK